书目信息 |
| 题名: |
管理参谋原理与参谋艺术
|
|
| 作者: | 方国雄 主编 | |
| 分册: | ||
| 出版信息: | 成都 电子科技大学出版社 1990.12 |
|
| 页数: | 214页 | |
| 开本: | 21cm | |
| 丛书名: | ||
| 单 册: | ||
| 中图分类: | C931.2 | |
| 科图分类: | ||
| 主题词: | 管理学--参谋 , 管理学 | |
| 电子资源: | ||
| ISBN: | 7-81016-253-5 | |
| 000 | 00870nam0 2200265 45 | |
| 001 | 01200620008 | |
| 005 | 20060912083409.78 | |
| 010 | @a7-81016-253-5@dCNY17.50 | |
| 092 | @aCN@b493181 | |
| 100 | @a20060506e1990 em y0chiy0121 ea | |
| 101 | 0 | @achi |
| 102 | @aCN@b510000 | |
| 105 | @ay z 000yy | |
| 200 | 1 | @a管理参谋原理与参谋艺术@Aguan li can mou yuan li yu can mou yi shu@f方国雄等主编@Ffang guo xiong deng zhu bian |
| 210 | @a成都@c电子科技大学出版社@d1990.12@h2005重印 | |
| 215 | @a214页@d21cm | |
| 300 | @a走进商业世界 | |
| 330 | @a本书分为十章:包括参谋的历史、参谋活动的基本原理、参谋环境、参谋建议方法、决策与参谋、参谋建议的艺术与技巧等。 | |
| 606 | 0 | @a管理学@x参谋 |
| 606 | 0 | @a管理学 |
| 690 | @aC931.2@v4 | |
| 701 | 0 | @a方国雄@Afang guo xiong@4主编 |
| 801 | 0 | @aCN@bLZJBOOK@c20060912 |
| 905 | @aBZT@dC931.2@e2 | |
| 906 | @dCNY17.50@n0@r1 | |
| 管理参谋原理与参谋艺术/方国雄等主编.-成都:电子科技大学出版社,1990.12(2005重印) |
| 214页;21cm |
| 走进商业世界 |
| ISBN 7-81016-253-5:CNY17.50 |
| 本书分为十章:包括参谋的历史、参谋活动的基本原理、参谋环境、参谋建议方法、决策与参谋、参谋建议的艺术与技巧等。 |
| ● |
| 相关链接 |
|
|
|
正题名:管理参谋原理与参谋艺术
索取号:C931.2/2
 
预约/预借
| 序号 | 登录号 | 条形码 | 馆藏地/架位号 | 状态 | 备注 |
| 1 | 455028 | 230011308 | 中心书库南/009架B面5层5列/ [索取号:C931.2/2] | 在馆 | |
| 2 | 455029 | 230011307 | 中心书库南/009架B面5层5列/ [索取号:C931.2/2] | 在馆 | |
| 3 | 455030 | 230011310 | 中心书库南/009架B面5层5列/ [索取号:C931.2/2] | 在馆 | |
| 4 | 455031 | 230011309 | 中心书库南/009架B面5层5列/ [索取号:C931.2/2] | 在馆 | |
| 5 | 455032 | 230011312 | 中心书库南/009架B面5层5列/ [索取号:C931.2/2] | 在馆 |